[Event "SK Sodingen/Castrop 1 - Dortmunder SV 1"]
[Site "Regionalliga 2017/2018"]
[Date "2017.11.12"]
[Round "3.5"]
[White "Canzler, Harald"]
[Black "Hille, Ralph Ingo"]
[Result "1/2-1/2"]
[WhiteElo "1961"]
[BlackElo "2061"]
[Annotator "Daniel"]
[PlyCount "118"]
[EventDate "2017.??.??"]

1. Nf3 b6 2. e4 Bb7 3. d3 g6 4. g3 Bg7 5. Bg2 e5 6. O-O Ne7 7. Re1 O-O 8. c3 d6
9. d4 Nd7 10. d5 h6 11. c4 f5 12. exf5 gxf5 13. Nc3 a6 14. Be3 Ng6 15. Rc1 Nf6
16. h3 $11 Qe8 17. b4 Qf7 18. c5 bxc5 19. bxc5 e4 20. c6 Bc8 21. Nd4 Nxd5 22.
Nxd5 Qxd5 23. f4 Kh8 24. Qb3 Qxb3 25. axb3 Ne7 26. Bf1 Nd5 27. Kf2 Rb8 28. Bc4
Nxe3 29. Kxe3 Bxd4+ 30. Kxd4 Kg7 31. g4 Kf6 32. gxf5 Bxf5 33. Ra1 Rb6 34. Rxa6
Rxa6 35. Bxa6 Rb8 36. Bc4 Rb6 37. Bd5 Be6 38. Bxe6 Kxe6 39. Kxe4 Rxb3 40. h4
d5+ 41. Kd4+ Kd6 42. Re5 Rb4+ 43. Ke3 Rb3+ 44. Kd4 Rb4+ 45. Ke3 Kxc6 46. Re6+
Kc5 47. Rxh6 Rb3+ 48. Ke2 Kd4 49. Rc6 Ke4 50. Rxc7 Rb2+ 51. Kd1 Kxf4 52. Rd7
Ke4 53. Re7+ Kd3 54. Ke1 Rh2 55. Rh7 d4 56. h5 Re2+ 57. Kd1 Rh2 58. Ke1 Re2+
59. Kd1 Rh2 1/2-1/2

[Event "SK Sodingen/Castrop 1 - Dortmunder SV 1"]
[Site "Regionalliga 2017/2018"]
[Date "2017.11.12"]
[Round "3.6"]
[White "Mueller, Frank"]
[Black "Brockmann, Fabian"]
[Result "1/2-1/2"]
[WhiteElo "2019"]
[BlackElo "1965"]
[PlyCount "54"]
[EventDate "2017.??.??"]

1. e4 c5 2. Nc3 g6 3. g3 Bg7 4. Bg2 Nc6 5. d3 d6 6. Be3 e5 7. f4 Nd4 8. Nf3 Ne7
9. O-O O-O 10. Qd2 Rb8 11. Nh4 exf4 12. Bxf4 Nec6 13. Nd5 f6 14. Bh6 Be6 15.
Bxg7 Kxg7 16. Ne3 Ne5 17. c3 Nb5 18. h3 Kh8 19. Rf2 Qd7 20. Kh2 Qg7 21. b3 Nd7
22. Raf1 Qh6 23. d4 Rbc8 24. d5 Bg8 25. a4 Nc7 26. Qe2 Qg7 27. Nc4 Qe7 1/2-1/2

[Event "SK Sodingen/Castrop 1 - Dortmunder SV 1"]
[Site "Regionalliga 2017/2018"]
[Date "2017.11.12"]
[Round "3.8"]
[White "Becker, Joerg"]
[Black "Bryjak, Hans Guenther"]
[Result "1-0"]
[WhiteElo "2114"]
[BlackElo "1943"]
[PlyCount "83"]
[EventDate "2017.??.??"]

1. d4 Nf6 2. Nf3 g6 3. g3 Bg7 4. Bg2 d5 5. O-O O-O 6. c4 c6 7. cxd5 cxd5 8. Nc3
Nc6 9. Bf4 Nh5 10. Be3 e6 11. Qd2 Bd7 12. Bh6 Rc8 13. Bxg7 Kxg7 14. e4 dxe4 15.
Nxe4 Nf6 16. Nd6 Rb8 17. Ne5 Qe7 18. Nxb7 Rxb7 19. Nxc6 Bxc6 20. Bxc6 Rb6 21.
Rac1 Rd8 22. Rfd1 Qd6 23. Bg2 Qb8 24. b3 Rbd6 25. Qc3 Qb6 26. Qc5 Rxd4 27. Rxd4
Rxd4 28. Qxb6 axb6 29. a4 Rd3 30. Rb1 Nd5 31. Bf1 Rd4 32. Bc4 Nc3 33. Ra1 Ne4
34. Be2 Rd2 35. Bf3 Nxf2 36. b4 Nd3 37. a5 Ne5 38. Bb7 bxa5 39. bxa5 Nc4 40. a6
Rd8 41. Rb1 Nd6 42. Rd1 1-0

[Event "Oberhausener SV 2 - SC Hansa Dortmund 2"]
[Site "Regionalliga 2017/2018"]
[Date "2017.11.12"]
[Round "3.2"]
[White "Matzat, Andre"]
[Black "Berndt, Joachim"]
[Result "0-1"]
[WhiteElo "2057"]
[BlackElo "2040"]
[PlyCount "86"]
[EventDate "2017.??.??"]

1. d4 d5 2. Bf4 Bg4 3. Nc3 Nc6 4. f3 Bh5 5. e4 e6 6. Bb5 Bb4 7. Bxc6+ bxc6 8.
Qd3 Ne7 9. a3 Ba5 10. b4 Bb6 11. Nge2 Bg6 12. O-O O-O 13. Kh1 a5 14. Qd2 axb4
15. axb4 dxe4 16. Nxe4 Qd5 17. Bg5 Rxa1 18. Rxa1 f6 19. Be3 Qc4 20. Nf4 Bf7 21.
Nc5 Rd8 22. c3 Bxc5 23. bxc5 e5 24. Ne2 h5 25. Bf2 Qxc5 26. Qc2 exd4 27. Bxd4
Qc4 28. Ra4 Qe6 29. h3 Nf5 30. Ra7 Bg6 31. Qa2 Rd5 32. Rxc7 Qxe2 33. Qa8+ Be8
34. Rc8 Qe1+ 35. Bg1 Re5 36. Qxc6 Kh7 37. Qb6 Ng3+ 38. Kh2 Nf1+ 39. Kh1 h4 40.
Qd4 Ng3+ 41. Kh2 Ne2 42. Bf2 Nxd4 43. Bxe1 Nxf3+ 0-1

[Event "Oberhausener SV 2 - SC Hansa Dortmund 2"]
[Site "Regionalliga 2017/2018"]
[Date "2017.11.12"]
[Round "3.3"]
[White "Schiefelbusch, Dirk"]
[Black "Gerst, Michael"]
[Result "1/2-1/2"]
[WhiteElo "2030"]
[BlackElo "2004"]
[PlyCount "69"]
[EventDate "2017.??.??"]

1. d4 Nf6 2. Nf3 e6 3. c4 Bb4+ 4. Bd2 Qe7 5. e3 O-O 6. Bd3 Bxd2+ 7. Nbxd2 d6 8.
O-O e5 9. Qc2 Re8 10. dxe5 dxe5 11. Ng5 h6 12. Nge4 Nbd7 13. Rfd1 Nc5 14. Nxc5
Qxc5 15. Ne4 Nxe4 16. Bxe4 c6 17. b3 Be6 18. Bh7+ Kh8 19. Bf5 Qe7 20. Bxe6 Qxe6
21. Rd2 Rad8 22. Rad1 Qe7 23. h3 Rxd2 24. Qxd2 g6 25. b4 Kg7 26. c5 Rc8 27. Qc3
f6 28. Qd3 Re8 29. a3 Rc8 30. e4 Re8 31. Rd2 Rc8 32. Qd7 Re8 33. Qd3 Rc8 34.
Qd7 Re8 35. Qd3 1/2-1/2

[Event "Oberhausener SV 2 - SC Hansa Dortmund 2"]
[Site "Regionalliga 2017/2018"]
[Date "2017.11.12"]
[Round "3.4"]
[White "Limberg, Matthias"]
[Black "Burchert, Wolfgang"]
[Result "1/2-1/2"]
[WhiteElo "2055"]
[BlackElo "2037"]
[PlyCount "41"]
[EventDate "2017.??.??"]

1. d4 Nf6 2. Bf4 d5 3. e3 c5 4. c3 e6 5. Nd2 Nc6 6. Ngf3 Bd6 7. Bg3 O-O 8. Bd3
b6 9. e4 dxe4 10. Nxe4 Be7 11. dxc5 bxc5 12. Qe2 Bb7 13. Nxf6+ Bxf6 14. O-O Qb6
15. Rfd1 Rfd8 16. Rd2 Rd5 17. Rad1 Rad8 18. Be4 Rxd2 19. Rxd2 Rxd2 20. Qxd2 Qd8
21. Qxd8+ 1/2-1/2

[Event "Oberhausener SV 2 - SC Hansa Dortmund 2"]
[Site "Regionalliga 2017/2018"]
[Date "2017.11.12"]
[Round "3.5"]
[White "Linker, Walter"]
[Black "Groß, Thomas"]
[Result "1/2-1/2"]
[WhiteElo "2027"]
[BlackElo "1948"]
[PlyCount "63"]
[EventDate "2017.??.??"]

1. f4 d5 2. Nf3 g6 3. e3 Bg7 4. c4 Nf6 5. Be2 O-O 6. O-O c5 7. Ne5 Nc6 8. Nxc6
bxc6 9. Qc2 Bf5 10. d3 Qd6 11. Nd2 Rfd8 12. Qa4 Rab8 13. Nb3 Rd7 14. Qa3 dxc4
15. dxc4 Ne4 16. Bf3 Rb4 17. g4 Rxc4 18. gxf5 gxf5 19. Bxe4 fxe4 20. Nd2 Rc2
21. Qb3 Qd3 22. Qxd3 exd3 23. Rb1 c4 24. Rf2 Rb7 25. Rg2 c3 26. Nb3 d2 27. Bxd2
cxd2 28. Rxd2 Rxd2 29. Nxd2 Rxb2 30. Rxb2 Bxb2 31. Nc4 Bc1 32. Kf2 1/2-1/2

[Event "Oberhausener SV 2 - SC Hansa Dortmund 2"]
[Site "Regionalliga 2017/2018"]
[Date "2017.11.12"]
[Round "3.6"]
[White "Stefaniak, Christian"]
[Black "Hillebrand, Carsten"]
[Result "1/2-1/2"]
[WhiteElo "1920"]
[BlackElo "1849"]
[Annotator "Daniel"]
[PlyCount "71"]
[EventDate "2017.??.??"]

1. e4 c5 2. Nf3 Nc6 3. c3 g6 4. d4 d5 5. exd5 Qxd5 6. Be2 Bg7 7. dxc5 Qxd1+ 8.
Bxd1 Nf6 9. O-O Bf5 10. Ba4 Bd7 11. Re1 O-O-O 12. Bg5 h6 13. Bxf6 Bxf6 14. Nbd2
Na5 15. Bb3 e6 16. Ne4 Be7 17. Nd6+ Bxd6 18. cxd6 Rhf8 19. Ne5 Nc6 20. Rad1
Nxe5 21. Rxe5 Bc6 22. c4 b6 23. Bc2 Kd7 24. Re3 a5 25. b3 Rc8 26. f3 Bb7 27.
Rd2 Ba6 28. a4 Rc6 29. Red3 Rfc8 30. Rd1 Rc5 $11 31. R3d2 Bb7 32. Kf2 Bc6 33.
Bb1 Bb7 34. Bc2 Bc6 35. Bb1 Bb7 36. Bc2 1/2-1/2

[Event "Oberhausener SV 2 - SC Hansa Dortmund 2"]
[Site "Regionalliga 2017/2018"]
[Date "2017.11.12"]
[Round "3.7"]
[White "Krueger, Simon"]
[Black "Seibert, Michael"]
[Result "1-0"]
[WhiteElo "1966"]
[BlackElo "1929"]
[PlyCount "57"]
[EventDate "2017.??.??"]

1. e4 c5 2. Nf3 Nc6 3. c4 g6 4. d4 cxd4 5. Nxd4 Qb6 6. Nb5 Bh6 7. Bxh6 Nxh6 8.
Qd2 Ng4 9. N1c3 O-O 10. Nd5 Qd8 11. Be2 d6 12. O-O a6 13. Nbc3 e5 14. f4 f5 15.
Bxg4 fxg4 16. fxe5 dxe5 17. Qe3 Be6 18. Rxf8+ Qxf8 19. Nc7 Bxc4 20. Nxa8 Qxa8
21. Nd5 Qd8 22. Qb6 Qf8 23. Qxb7 Bxd5 24. exd5 Qc5+ 25. Kh1 Nd8 26. Qd7 Nf7 27.
Rf1 Qf8 28. Qe6 g3 29. d6 1-0

[Event "Oberhausener SV 2 - SC Hansa Dortmund 2"]
[Site "Regionalliga 2017/2018"]
[Date "2017.11.12"]
[Round "3.8"]
[White "Pruefer, Wolfgang"]
[Black "Zelt, Jens"]
[Result "1/2-1/2"]
[WhiteElo "2017"]
[BlackElo "2033"]
[Annotator "Daniel"]
[PlyCount "83"]
[EventDate "2017.??.??"]

1. d4 d6 2. Bf4 c6 3. e3 Bf5 4. c3 Nd7 5. Nf3 h6 6. Qb3 Qb6 7. Bc4 d5 8. Be2
Ngf6 9. h3 e6 10. O-O Be7 11. c4 dxc4 12. Bxc4 O-O 13. Nbd2 c5 14. Rac1 Rac8
15. Rfd1 Bh7 16. Bg3 Rfd8 17. a4 a6 18. Qa2 Nf8 19. a5 Qa7 20. Be5 N6d7 21. Bg3
cxd4 22. exd4 Nf6 23. Re1 Bb4 24. Be5 N6d7 25. Bf4 $11 Kh8 26. Qa4 Be7 27. Bf1
Nf6 28. Bc7 Re8 29. Be5 Nd5 30. Nc4 Kg8 31. Nd6 Bxd6 32. Bxd6 Red8 33. Be5 Rxc1
34. Rxc1 b5 35. axb6 Qxb6 36. Qxa6 Qxb2 37. Rc8 Rxc8 38. Qxc8 Qb4 39. Bc4 Nb6
40. Qb8 Qxc4 41. Qxb6 Qc8 42. Qc5 1/2-1/2

[Event "SV Ahlen 1 - Weiße Dame Borbeck 1"]
[Site "Regionalliga 2017/2018"]
[Date "2017.11.12"]
[Round "3.1"]
[White "Loyen, Egbert"]
[Black "Torres-Kuckel, Rafael"]
[Result "1/2-1/2"]
[WhiteElo "2176"]
[BlackElo "2099"]
[PlyCount "61"]
[EventDate "2017.??.??"]

1. Nf3 Nf6 2. c4 e6 3. g3 d5 4. Bg2 Be7 5. O-O O-O 6. b3 c5 7. Bb2 Nc6 8. e3 b6
9. Qe2 Bb7 10. d3 Qc7 11. Nc3 Rad8 12. Rfd1 Qb8 13. Rac1 Qa8 14. cxd5 Nxd5 15.
Nxd5 Rxd5 16. Ne1 Rd7 17. Qg4 g6 18. h4 h5 19. Qf4 Kh7 20. g4 e5 21. Qa4 a6 22.
gxh5 gxh5 23. Qe4+ f5 24. Qf3 Qe8 25. Qh3 Qg6 26. Kf1 Qg4 27. Nf3 Bf6 28. e4 f4
29. Nh2 Qxh3 30. Bxh3 Rd6 31. Nf3 1/2-1/2

[Event "SV Ahlen 1 - Weiße Dame Borbeck 1"]
[Site "Regionalliga 2017/2018"]
[Date "2017.11.12"]
[Round "3.2"]
[White "Volesky, Karl-Heinz"]
[Black "Hillenbrand, Michael"]
[Result "1-0"]
[WhiteElo "2050"]
[BlackElo "2101"]
[PlyCount "83"]
[EventDate "2017.??.??"]

1. e4 g6 2. d4 Bg7 3. Nc3 d6 4. Be3 c6 5. Qd2 b5 6. Bd3 Nd7 7. Nge2 Bb7 8. f3
a6 9. a4 Rc8 10. axb5 cxb5 11. Nd1 Ngf6 12. Bh6 Bxh6 13. Qxh6 e5 14. c3 d5 15.
Nf2 Qe7 16. O-O Qf8 17. Qg5 h6 18. Qd2 Qg7 19. exd5 O-O 20. Ne4 Ne8 21. b4 exd4
22. cxd4 Nb6 23. Nc5 Bxd5 24. Rxa6 Nc4 25. Qc3 Nc7 26. Ra7 Ne3 27. Re1 Bc4 28.
Bxc4 Nxc4 29. Nf4 Qf6 30. Rxc7 Qxf4 31. Rxc8 Rxc8 32. Re4 Qd6 33. Qe1 Ra8 34.
Re8+ Rxe8 35. Qxe8+ Kg7 36. Qe4 f5 37. Qb7+ Kf6 38. d5 Ke5 39. Qxb5 Qxd5 40.
Nd3+ Kd4 41. Qxd5+ Kxd5 42. Nf4+ 1-0

[Event "SV Ahlen 1 - Weiße Dame Borbeck 1"]
[Site "Regionalliga 2017/2018"]
[Date "2017.11.12"]
[Round "3.3"]
[White "Klasmeier, Jens"]
[Black "Woestmann, Ulrich"]
[Result "1-0"]
[WhiteElo "2095"]
[BlackElo "2001"]
[PlyCount "53"]
[EventDate "2017.??.??"]

1. e4 c5 2. b3 d6 3. Bb2 Nf6 4. Nc3 g6 5. Nd5 Bg7 6. Nxf6+ exf6 7. Bb5+ Bd7 8.
Bxd7+ Qxd7 9. Qf3 Qe7 10. Ne2 Nd7 11. O-O O-O 12. Nc3 Nb6 13. a4 a5 14. d3 Rfe8
15. h3 Qd7 16. Rfe1 Re7 17. Nb5 Re6 18. d4 Rae8 19. dxc5 dxc5 20. Rad1 Qc6 21.
Bc3 h6 22. Bxa5 f5 23. exf5 Qxf3 24. gxf3 Rxe1+ 25. Rxe1 Rxe1+ 26. Bxe1 gxf5
27. Nd6 1-0

[Event "SV Ahlen 1 - Weiße Dame Borbeck 1"]
[Site "Regionalliga 2017/2018"]
[Date "2017.11.12"]
[Round "3.4"]
[White "Volesky, Alexander"]
[Black "Dewenter, Ulf"]
[Result "1-0"]
[WhiteElo "1967"]
[BlackElo "2120"]
[PlyCount "59"]
[EventDate "2017.??.??"]

1. e4 e5 2. Nf3 Nc6 3. Bb5 g6 4. d3 Bg7 5. Nc3 a6 6. Ba4 d6 7. Nd5 b5 8. Bb3
Na5 9. Bd2 Nxb3 10. axb3 c6 11. Ba5 cxd5 12. Bxd8 Kxd8 13. Qd2 Ne7 14. Qa5+ Kd7
15. O-O Bb7 16. exd5 Nxd5 17. c4 Nc7 18. Rac1 Rhc8 19. c5 dxc5 20. Rxc5 f6 21.
Qb6 Bf8 22. Rcc1 Bxf3 23. gxf3 Be7 24. Rc3 Bd6 25. Rfc1 Rab8 26. Qc6+ Ke7 27.
Qe4 Kd7 28. Qh4 Ke6 29. Qh3+ Kd5 30. Qd7 1-0

[Event "SV Ahlen 1 - Weiße Dame Borbeck 1"]
[Site "Regionalliga 2017/2018"]
[Date "2017.11.12"]
[Round "3.5"]
[White "Poetter, Clemens"]
[Black "Busche, Klaus"]
[Result "1-0"]
[WhiteElo "1983"]
[BlackElo "1947"]
[PlyCount "95"]
[EventDate "2017.??.??"]

1. d4 d5 2. Nf3 Nc6 3. Bf4 Bg4 4. e3 e6 5. Nbd2 Bd6 6. Be2 Nge7 7. h3 Bxf3 8.
Nxf3 Bxf4 9. exf4 Qd6 10. Qd2 h6 11. g3 O-O-O 12. Ne5 Nxe5 13. fxe5 Qb6 14.
O-O-O c5 15. Qc3 c4 16. f4 Kb8 17. g4 g6 18. Kb1 Rdf8 19. Qe3 Ka8 20. Rdf1 Rc8
21. c3 Qa5 22. Bd1 b5 23. a3 Qb6 24. Bc2 a5 25. f5 gxf5 26. gxf5 b4 27. axb4
Rb8 28. Kc1 axb4 29. Kd2 exf5 30. Ra1+ Kb7 31. Ra4 Nc6 32. Qf3 Qd8 33. Bxf5
Qg5+ 34. Ke2 Rhd8 35. Bg4 Qe7 36. Rf1 Ra8 37. Rxa8 Rxa8 38. Qxd5 Rd8 39. Qb5+
Kc7 40. Rf6 Qxf6 41. exf6 Rxd4 42. Bf3 Rd6 43. Bxc6 Rxc6 44. Qxb4 Re6+ 45. Kd2
Rd6+ 46. Kc2 Kd7 47. Qb7+ Ke6 48. Qe7+ 1-0

[Event "SV Ahlen 1 - Weiße Dame Borbeck 1"]
[Site "Regionalliga 2017/2018"]
[Date "2017.11.12"]
[Round "3.6"]
[White "Starp, Klaus"]
[Black "Korste, Sebastian"]
[Result "1/2-1/2"]
[WhiteElo "1928"]
[BlackElo "1916"]
[Annotator "Daniel"]
[PlyCount "87"]
[EventDate "2017.??.??"]

1. e4 e6 2. d4 d5 3. Nc3 Nf6 4. Bg5 Bb4 5. e5 h6 6. Bd2 Bxc3 7. bxc3 Ne4 8. Bd3
Nxd2 9. Qxd2 c5 10. f4 c4 11. Bf1 Nc6 12. g3 Qa5 13. Bg2 Ne7 14. Ne2 h5 15. h3
Bd7 16. O-O g6 17. Qc1 Nf5 18. g4 hxg4 19. hxg4 Nh4 20. Kf2 O-O-O 21. Rh1 Nxg2
22. Kxg2 Rxh1 23. Qxh1 Ba4 24. Rc1 Rf8 25. Qh4 Qd8 26. Qxd8+ $11 Kxd8 27. g5
Rh8 28. Ng1 Kc7 29. Nh3 Kb6 30. Nf2 Ka5 31. Ng4 Rc8 32. Kf2 Rc7 33. Ke1 Bc6 34.
a3 b5 35. Kd2 Ka4 36. Ra1 Rb7 37. Nh6 Be8 38. Ra2 Ka5 39. Ra1 Ka4 40. Ra2 Ka5
41. Kc1 Kb6 $11 42. Kb2 a5 43. Ra1 Kc7 44. Rh1 1/2-1/2

[Event "SV Ahlen 1 - Weiße Dame Borbeck 1"]
[Site "Regionalliga 2017/2018"]
[Date "2017.11.12"]
[Round "3.7"]
[White "Friedrich, Patrick"]
[Black "Dreesbach, Harald"]
[Result "1-0"]
[WhiteElo "1940"]
[BlackElo "1772"]
[PlyCount "73"]
[EventDate "2017.??.??"]

1. d4 Nf6 2. c4 g6 3. Nc3 d6 4. Nf3 Bg7 5. Bg5 O-O 6. e3 c6 7. Be2 Qa5 8. O-O
Bg4 9. Bh4 Na6 10. h3 Bf5 11. a3 c5 12. Bxf6 exf6 13. b4 cxb4 14. axb4 Qd8 15.
Qb3 Nc7 16. Nd2 Bd7 17. Ra2 a6 18. Rc1 f5 19. f4 Re8 20. Nf1 Rb8 21. b5 axb5
22. cxb5 Be6 23. Bc4 d5 24. Bd3 b6 25. Rac2 Bf8 26. g3 Bd6 27. Nd2 Bd7 28. Kf2
Qe7 29. Nf1 Be6 30. Be2 f6 31. Bf3 Qf7 32. Nd2 g5 33. Ra2 Ra8 34. Rca1 Rxa2 35.
Rxa2 Rd8 36. Ra7 Be7 37. Rxc7 1-0

[Event "SV Ahlen 1 - Weiße Dame Borbeck 1"]
[Site "Regionalliga 2017/2018"]
[Date "2017.11.12"]
[Round "3.8"]
[White "Nattermueller, Irina"]
[Black "Kindermann, Carsten"]
[Result "1-0"]
[WhiteElo "1905"]
[BlackElo "1918"]
[PlyCount "81"]
[EventDate "2017.??.??"]

1. e4 e5 2. Nf3 Nc6 3. Bb5 a6 4. Ba4 d6 5. d4 b5 6. Bb3 Nxd4 7. Nxd4 exd4 8.
Bd5 Rb8 9. Qxd4 Bd7 10. c3 Nf6 11. Bb3 g6 12. O-O Bg7 13. Bg5 h6 14. Bh4 O-O
15. Qd1 g5 16. Bg3 Nxe4 17. Nd2 Nc5 18. Bc2 f5 19. f3 b4 20. Nb3 bxc3 21. bxc3
Na4 22. Qd5+ Kh8 23. c4 Nb6 24. Qd3 Be6 25. Na5 Qf6 26. Rad1 Qf7 27. Bb3 Nd7
28. Nc6 Rb6 29. Nd4 Nc5 30. Qc2 Bd7 31. Bf2 Rbb8 32. Qd2 Be5 33. Rfe1 Rfe8 34.
Qa5 Rb7 35. Bc2 Kg7 36. Nb3 Nxb3 37. Bxb3 Be6 38. Qxa6 Rbb8 39. Qc6 Re7 40. Qa4
Rd8 41. Rxe5 1-0

[Event "SV Wattenscheid 2 - SV Horst-Emscher 1"]
[Site "Regionalliga 2017/2018"]
[Date "2017.11.12"]
[Round "3.1"]
[White "Aulich, Marcell"]
[Black "Schlehoefer, Ralf"]
[Result "1-0"]
[WhiteElo "2160"]
[BlackElo "2216"]
[PlyCount "83"]
[EventDate "2017.??.??"]

1. e4 e5 2. Nf3 Nc6 3. Bc4 Nf6 4. d3 Bc5 5. c3 O-O 6. Nbd2 a6 7. a4 d5 8. exd5
Nxd5 9. Ne4 Ba7 10. a5 Rb8 11. O-O Bg4 12. h3 Bh5 13. Ng3 Bg6 14. Re1 f6 15.
Nh4 Bf7 16. Qg4 Kh8 17. Ngf5 Rg8 18. Qf3 Qd7 19. Re4 g5 20. Nh6 gxh4 21. Nxf7+
Qxf7 22. Bxd5 Qxd5 23. Qxf6+ Rg7 24. Bh6 Qf7 25. Bxg7+ Qxg7 26. Qxh4 Rf8 27.
Re2 Rf3 28. Rd1 Rg3 29. Qe4 Rxh3 30. d4 Rh5 31. Rd3 Rg5 32. dxe5 Qh6 33. Qf3
Rxe5 34. Rxe5 Nxe5 35. Rd8+ Kg7 36. Qf8+ Kg6 37. Qg8+ Kf5 38. Rd1 Ng4 39. Qc8+
Kg5 40. Rd5+ Kh4 41. Qd8+ Nf6 42. Rf5 1-0

[Event "SV Wattenscheid 2 - SV Horst-Emscher 1"]
[Site "Regionalliga 2017/2018"]
[Date "2017.11.12"]
[Round "3.2"]
[White "Buchenthal, Dieter"]
[Black "Baerwolf, Steven"]
[Result "0-1"]
[WhiteElo "2111"]
[BlackElo "2175"]
[PlyCount "68"]
[EventDate "2017.??.??"]

1. e3 d5 2. c4 e6 3. Nf3 Nf6 4. d4 Be7 5. Bd3 O-O 6. Nbd2 c5 7. O-O Nc6 8. b3
cxd4 9. exd4 dxc4 10. Nxc4 b6 11. a3 Bb7 12. Ra2 h6 13. Rd2 Nd5 14. Qe1 Rc8 15.
Qe4 Nf6 16. Qh4 Qd5 17. h3 Rfd8 18. Bc2 Qh5 19. Qg3 b5 20. Ne3 Bd6 21. Qh4 Qxh4
22. Nxh4 b4 23. a4 Na5 24. g3 Ne4 25. Rdd1 Nc3 26. Rd2 Be4 27. Bxe4 Nxe4 28.
Rd3 Nc3 29. Bd2 Nxb3 30. Bxc3 Rxc3 31. Rxc3 bxc3 32. Nf3 Rc8 33. Rb1 Na5 34.
Rb5 Nc4 0-1

[Event "SV Wattenscheid 2 - SV Horst-Emscher 1"]
[Site "Regionalliga 2017/2018"]
[Date "2017.11.12"]
[Round "3.3"]
[White "Kroeger, Fabian"]
[Black "Schroeder, Wilfried"]
[Result "0-1"]
[WhiteElo "2212"]
[BlackElo "2166"]
[PlyCount "108"]
[EventDate "2017.??.??"]

1. e4 c6 2. d4 d5 3. Nd2 dxe4 4. Nxe4 Bf5 5. Ng3 Bg6 6. h4 h6 7. Nf3 Nd7 8. h5
Bh7 9. Bd3 Bxd3 10. Qxd3 e6 11. Bd2 Ngf6 12. O-O-O Qc7 13. Ne4 O-O-O 14. g3
Nxe4 15. Qxe4 Bd6 16. c4 c5 17. Kb1 Nf6 18. Qe2 cxd4 19. Nxd4 Bxg3 20. Be3 Bf4
21. Nb5 Qe5 22. Nxa7+ Kb8 23. Nb5 Bxe3 24. fxe3 Ne4 25. Qc2 Rd2 26. Rxd2 Nxd2+
27. Kc1 Nxc4 28. Qh2 Qxh2 29. Rxh2 Nxe3 30. Rf2 Rd8 31. b3 Nf5 32. Kc2 g5 33.
hxg6 fxg6 34. Re2 Rd5 35. Rxe6 Rxb5 36. Rxg6 h5 37. Kc3 h4 38. Rg5 Kc7 39. Rh5
Kd6 40. a4 Rd5 41. Kb4 Ke5 42. a5 Rd7 43. Kc5 Kf4 44. b4 Kg4 45. Rh8 h3 46. b5
Rg7 47. a6 bxa6 48. bxa6 Nh4 49. Rd8 h2 50. Rd1 Kh3 51. Rh1 Nf5 52. Kb6 Nd6 53.
Rc1 Rg1 54. Rc7 h1=Q 0-1

[Event "SV Wattenscheid 2 - SV Horst-Emscher 1"]
[Site "Regionalliga 2017/2018"]
[Date "2017.11.12"]
[Round "3.4"]
[White "Koehn, Peter"]
[Black "Buschmann, Andreas"]
[Result "1/2-1/2"]
[WhiteElo "2163"]
[BlackElo "2010"]
[PlyCount "116"]
[EventDate "2017.??.??"]

1. c4 Nf6 2. g3 g6 3. Bg2 Bg7 4. Nc3 O-O 5. e4 d6 6. Nge2 c5 7. O-O Nc6 8. d3
a6 9. h3 Qc7 10. Be3 Rb8 11. a4 e6 12. Rc1 Bd7 13. d4 cxd4 14. Nxd4 Rfd8 15.
Ncb5 axb5 16. cxb5 e5 17. bxc6 bxc6 18. Nb5 Qa5 19. Nxd6 Be6 20. Bg5 Bb3 21.
Qd3 Qb4 22. Rxc6 Bxa4 23. Rc4 Qxd6 24. Qxd6 Rxd6 25. Rxa4 h6 26. Be3 Rxb2 27.
Rc1 Kh7 28. Rc7 Rd7 29. Rxd7 Nxd7 30. Ra7 Rb1+ 31. Kh2 Rd1 32. Bf3 Rd6 33. Be2
Nf6 34. Rxf7 Nxe4 35. Kg2 Nf6 36. Bb5 Rd5 37. Rb7 Kh8 38. Ba4 Kh7 39. Kf3 Ra5
40. Bb3 e4+ 41. Kg2 h5 42. Bd4 Rf5 43. h4 Ne8 44. Bc2 Rd5 45. Bxg7 Nxg7 46.
Bxe4 Rd6 47. Kf3 Kh6 48. Rf7 Ne8 49. Kf4 Rf6+ 50. Rxf6 Nxf6 51. f3 Kg7 52. Ke5
Nh7 53. f4 Nf6 54. f5 Ng4+ 55. Kf4 gxf5 56. Bxf5 Nf2 57. Be4 Kh6 58. Bf3 Nd3+
1/2-1/2

[Event "SV Wattenscheid 2 - SV Horst-Emscher 1"]
[Site "Regionalliga 2017/2018"]
[Date "2017.11.12"]
[Round "3.5"]
[White "Becker, Marco"]
[Black "Lang, Daniel"]
[Result "0-1"]
[WhiteElo "2018"]
[BlackElo "2058"]
[PlyCount "80"]
[EventDate "2017.??.??"]

1. e4 c5 2. g3 Nc6 3. Bg2 g6 4. Ne2 Bg7 5. O-O e6 6. c3 Nge7 7. d4 cxd4 8. cxd4
d5 9. exd5 Nxd5 10. Nbc3 Nxc3 11. bxc3 O-O 12. Rb1 Qd7 13. Be3 b6 14. Qc1 Ba6
15. Re1 Rac8 16. Bh6 Bxh6 17. Qxh6 Ne7 18. Rbc1 Nd5 19. Bxd5 Bxe2 20. Bxe6 Qxe6
21. Rc2 Rfe8 22. Rcxe2 Qxe2 23. Rxe2 Rxe2 24. Qc1 Rxa2 25. d5 Ra5 26. Qd2 Rcc5
27. c4 Rc7 28. Qf4 Rac5 29. Qe5 Rc8 30. Qf6 Ra8 31. d6 Rcc8 32. Qd4 Rd8 33. Kg2
Rd7 34. c5 bxc5 35. Qxc5 a5 36. Qc6 Rdd8 37. Qc5 a4 38. Qa3 Ra6 39. Qc5 a3 40.
Qc4 Raa8 0-1

[Event "SV Wattenscheid 2 - SV Horst-Emscher 1"]
[Site "Regionalliga 2017/2018"]
[Date "2017.11.12"]
[Round "3.6"]
[White "Gohla, Ulf"]
[Black "Arndt, Olaf"]
[Result "1-0"]
[WhiteElo "2120"]
[BlackElo "1963"]
[PlyCount "93"]
[EventDate "2017.??.??"]

1. d4 Nf6 2. c4 e6 3. Nc3 Bb4 4. Qc2 c5 5. dxc5 Bxc5 6. Nf3 Nc6 7. a3 Nd4 8.
Nxd4 Bxd4 9. e3 Bxc3+ 10. Qxc3 O-O 11. Bd3 b6 12. b3 Bb7 13. Bb2 d5 14. O-O Rc8
15. Qe5 dxc4 16. Bxc4 Rc5 17. Qd4 Qa8 18. f3 Rd8 19. Qh4 Rh5 20. Qg3 Rh6 21.
Rad1 Qc8 22. Bd3 Bd5 23. Rc1 Qa8 24. b4 Rd7 25. Bb5 Rd8 26. e4 Rg6 27. Qc7 Bb7
28. Rfd1 Rf8 29. Bc6 Bxc6 30. Rxc6 Ne8 31. Qc8 Nf6 32. Qxa8 Rxa8 33. Rcd6 Kf8
34. Rd8+ Rxd8 35. Rxd8+ Ke7 36. Ra8 Nd7 37. Rxa7 Kd6 38. e5+ Nxe5 39. Bxe5+
Kxe5 40. Rb7 Kd6 41. Rxb6+ Kc7 42. Rb5 Rf6 43. a4 Rf4 44. a5 Rd4 45. a6 Rd1+
46. Kf2 Ra1 47. Rb7+ 1-0

[Event "SV Wattenscheid 2 - SV Horst-Emscher 1"]
[Site "Regionalliga 2017/2018"]
[Date "2017.11.12"]
[Round "3.7"]
[White "Jacubowski, Andreas"]
[Black "Schlange, Stefan"]
[Result "1-0"]
[WhiteElo "1877"]
[BlackElo "2076"]
[Annotator "Daniel"]
[PlyCount "179"]
[EventDate "2017.??.??"]

1. c4 e5 2. Nc3 d6 3. g3 Be6 4. b3 Qd7 5. Bg2 Nc6 6. e3 g6 7. Nge2 Bg7 8. Bb2
Bh3 9. Bxh3 Qxh3 10. Nd5 Rc8 11. Nef4 Qd7 12. h4 Nh6 13. Qc2 f5 14. Nh3 O-O 15.
O-O-O e4 16. d4 exd3 17. Rxd3 Bxb2+ 18. Qxb2 Qg7 19. Ng5 $11 Qxb2+ 20. Kxb2 Ng4
21. Rd2 h6 22. Ne6 Rf7 23. Rf1 Nh2 24. Rh1 Nf3 25. Rdd1 Nce5 26. Nd4 Nxd4 27.
Rxd4 Re8 28. Nc3 Ng4 29. Rd2 Kg7 30. Kc1 Re5 31. Re2 a6 32. Kd2 c6 33. f3 Nf6
34. Rg1 b5 35. Kd3 Rfe7 36. Rge1 Nd7 37. e4 b4 38. Nd1 Nc5+ 39. Kd4 a5 40. Nf2
Ne6+ 41. Kd3 Nc5+ 42. Kd4 fxe4 43. fxe4 a4 44. Re3 axb3 45. axb3 Ra7 46. Ng4
Ne6+ 47. Kd3 Rea5 48. e5 d5 49. Nf6 d4 50. Rf3 Ra8 51. Ref1 Nc5+ 52. Kxd4 Rd8+
53. Ke3 Ra2 54. Ne4 Rd3+ 55. Kf4 Rd4 56. Re1 Nd3+ 57. Rxd3 Rxd3 58. e6 Rd8 59.
Ke5 Ra5+ 60. c5 Rd5+ 61. Kf4 Ra8 62. Nd6 Rf8+ 63. Kg4 h5+ 64. Kh3 Rxc5 65. e7
Rc3 66. exf8=Q+ Kxf8 67. Re8+ Kg7 68. Rc8 Rxb3 69. Rxc6 Rb1 70. Ne4 Re1 71.
Rc7+ Kf8 72. Nc5 Kg8 73. Rb7 Rb1 74. Kg2 Kh8 75. Nd3 b3 76. Nc5 b2 77. Nd3 Rd1
78. Nxb2 Rd4 79. Kf3 Rg4 80. Nd3 Ra4 81. Ne5 Kg8 82. Rb6 g5 83. Rg6+ Kh7 84.
Rxg5 Kh6 85. Nd3 Ra3 86. Rd5 Kg6 87. Ke4 Ra4+ 88. Rd4 Rxd4+ 89. Kxd4 Kf5 90.
Nf2 1-0

[Event "SV Wattenscheid 2 - SV Horst-Emscher 1"]
[Site "Regionalliga 2017/2018"]
[Date "2017.11.12"]
[Round "3.8"]
[White "Schwebel, Markus"]
[Black "Rebentisch, Tom"]
[Result "0-1"]
[WhiteElo "2036"]
[BlackElo "1914"]
[PlyCount "94"]
[EventDate "2017.??.??"]

1. e4 e5 2. Nf3 Nc6 3. Bc4 Bc5 4. b4 Bxb4 5. c3 Ba5 6. d4 d6 7. Qb3 Qd7 8. dxe5
Bb6 9. Bb5 a6 10. Ba4 Ba7 11. c4 Nge7 12. exd6 cxd6 13. O-O O-O 14. Nc3 Qc7 15.
Nd5 Nxd5 16. cxd5 Na5 17. Qd3 f5 18. e5 b5 19. Bc2 dxe5 20. d6 Qc4 21. Nxe5
Qxd3 22. Nxd3 Rd8 23. Bf4 Bb8 24. Rad1 Bxd6 25. Bxd6 Rxd6 26. Nf4 Rxd1 27. Rxd1
g5 28. Rd8+ Kf7 29. Nd5 Bb7 30. Rxa8 Bxa8 31. Nc7 Bb7 32. Bxf5 h6 33. Bg4 Ke7
34. Bf3 Bc8 35. Kf1 Kd6 36. Ne8+ Ke5 37. h3 b4 38. Ke2 Be6 39. Nc7 Bxa2 40. Kd2
Nc4+ 41. Ke1 b3 42. Bh5 b2 43. Bg6 a5 44. Nb5 b1=Q+ 45. Bxb1 Bxb1 46. Kd1 Be4
47. g3 a4 0-1